Indian Polity (Record no. 146)

MARC details
000 -LEADER
fixed length control field 00312nam a22001457a 4500
020 ## - INTERNATIONAL STANDARD BOOK NUMBER
International Standard Book Number 978-93-89538-47-2
041 ## - LANGUAGE CODE
Language code of text/sound track or separate title ENG
100 ## - MAIN ENTRY--PERSONAL NAME
Personal name Laxmikanth.M
245 ## - TITLE STATEMENT
Title Indian Polity
250 ## - EDITION STATEMENT
Edition statement Sixth
260 ## - PUBLICATION, DISTRIBUTION, ETC. (IMPRINT)
Place of publication, distribution, etc Hyderabad
Name of publisher, distributor, etc MC Graw Hill
Date of publication, distribution, etc 2020
300 ## - PHYSICAL DESCRIPTION
Extent 412
650 ## - SUBJECT ADDED ENTRY--TOPICAL TERM
Topical term or geographic name as entry element UPSC
856 ## - ELECTRONIC LOCATION AND ACCESS
Uniform Resource Identifier Competitive Exam
Holdings
Withdrawn status Lost status Source of classification or shelving scheme Damaged status Not for loan Home library Current library Date acquired Cost, normal purchase price Total Checkouts Barcode Checked out Date last seen Date checked out Price effective from Koha item type Total Renewals
    Dewey Decimal Classification     College of Agricultural Engineering and Technology, Dapoli , Library College of Agricultural Engineering and Technology, Dapoli , Library 13/01/2021 825.00 14 007707 02/04/2026 25/03/2026 25/03/2026 13/01/2021 Books  
    Dewey Decimal Classification     College of Agricultural Engineering and Technology, Dapoli , Library College of Agricultural Engineering and Technology, Dapoli , Library 13/01/2021 825.00 13 007708   03/10/2023 27/09/2023 13/01/2021 Books 2

Contact Us: College of Agricultural Engineering and Technology, Dapoli, Dist.- Ratnagiri
Website: https://dbskkv.org Email: caetlibrary2015@gmail.com